000 00291nam a22001337a 4500
008 171023b xxu||||| |||| 00| 0 eng d
020 _a9780890818572
041 _aeng
080 _a338
100 _a54
101 _aMEN
245 _aTHE 15 MINUTE ORGANIZER
_cBARNES,E
942 _2udc
_cBK
999 _c35367
_d35367